[Event "Scarborough CC-ch Reserves U1700"]
[Site "Toronto CAN"]
[Date "2011.03.24"]
[Round "5"]
[White "Karpik, Steve"]
[Black "Aghamalian, Derick"]
[Result "0-1"]
[WhiteElo "1535"]
[BlackElo "1484"]
[PlyCount "74"]
[GameId "2160767909804243"]
[EventDate "2011.02.24"]
[EventType "swiss"]
[EventRounds "9"]
[EventCountry "CAN"]
[SourceTitle "EXT 2022"]
[Source "ChessBase"]
[SourceDate "2021.10.06"]
[SourceVersion "1"]
[SourceVersionDate "2021.10.06"]
[SourceQuality "1"]

1. Nf3 d5 2. c4 e6 3. g3 Nf6 4. Bg2 c5 5. O-O Be7 6. cxd5 exd5 7. d4 c4 8. Nc3 Nc6 9. Ne5 Be6 10. Qa4 Qa5 11. Qxa5 Nxa5 12. Nb5 Bd8 13. Bd2 O-O 14. Bg5 Nc6 15. Nxc6 bxc6 16. Nc3 h6 17. Bf4 Bb6 18. e3 Ne8 19. Na4 g5 20. Bxg5 hxg5 21. Rac1 Bf5 22. b3 Bd3 23. Rfe1 Ba5 24. Nc3 Bxc3 25. Rxc3 Nd6 26. bxc4 Bxc4 27. a3 Rab8 28. e4 Nb5 29. Rcc1 Nxd4 30. exd5 Ne2+ 31. Rxe2 Bxe2 32. dxc6 Bd3 33. c7 Rb1 34. Rxb1 Bxb1 35. Bh3 f5 36. Bf1 Rc8 37. Bc4+ Kg7 0-1

[Event "Scarborough CC-ch Reserves U1700"]
[Site "Toronto CAN"]
[Date "2011.03.24"]
[Round "5"]
[White "Krishnakumar, Agahash"]
[Black "Stroempl, Hedi"]
[Result "0-1"]
[WhiteElo "718"]
[BlackElo "1056"]
[PlyCount "64"]
[GameId "2160767909804244"]
[EventDate "2011.02.24"]
[EventType "swiss"]
[EventRounds "9"]
[EventCountry "CAN"]
[SourceTitle "EXT 2022"]
[Source "ChessBase"]
[SourceDate "2021.10.06"]
[SourceVersion "1"]
[SourceVersionDate "2021.10.06"]
[SourceQuality "1"]

1. e4 e5 2. Qf3 Nf6 3. Bc4 g6 4. Nh3 h6 5. Nc3 c6 6. Ne2 Bg7 7. Bb3 d6 8. Qc3 Nxe4 9. Qc4 d5 10. Qb4 a5 11. Qa3 Bf8 12. Qa4 b5 13. Bxd5 bxa4 14. Bxe4 Bg7 15. b3 axb3 16. axb3 O-O 17. Ba3 Re8 18. Rb1 f5 19. Bd3 Kh7 20. Bc4 Be6 21. Bxe6 Rxe6 22. b4 axb4 23. Bxb4 g5 24. Nhg1 Bf8 25. Bxf8 Qxf8 26. Rb7+ Re7 27. Rb4 Rea7 28. Rb1 Ra1 29. Rxa1 Rxa1+ 30. Nc1 Rxc1+ 31. Ke2 Qa3 32. f3 Nd7 0-1

[Event "Scarborough CC-ch Reserves U1700"]
[Site "Toronto CAN"]
[Date "2011.03.24"]
[Round "5"]
[White "Kurkowski, Ken"]
[Black "Pishdad, Hassan"]
[Result "1-0"]
[WhiteElo "1506"]
[BlackElo "1250"]
[PlyCount "91"]
[GameId "2160767909804245"]
[EventDate "2011.02.24"]
[EventType "swiss"]
[EventRounds "9"]
[EventCountry "CAN"]
[SourceTitle "EXT 2022"]
[Source "ChessBase"]
[SourceDate "2021.10.06"]
[SourceVersion "1"]
[SourceVersionDate "2021.10.06"]
[SourceQuality "1"]

1. d4 Nf6 2. c4 d5 3. cxd5 Nxd5 4. Nf3 g6 5. e4 Nb6 6. Be2 Bg7 7. O-O Nc6 8. Be3 O-O 9. Nc3 Re8 10. Qd2 a6 11. Rac1 Bg4 12. d5 Bxf3 13. Bxf3 Nc4 14. Qe2 Nxe3 15. fxe3 Ne5 16. Rf2 Qd6 17. Qc2 c6 18. dxc6 Nxc6 19. Rd2 Qc5 20. Nd5 Qxc2 21. Rdxc2 Rad8 22. Be2 e6 23. Nc7 Bh6 24. Kf2 Nd4 25. exd4 Bxc1 26. Nxe8 Rxe8 27. Rxc1 Re7 28. Ke3 Kg7 29. a3 g5 30. g4 h6 31. b4 Kg6 32. Rc5 Kg7 33. e5 Kg6 34. Bd3+ Kg7 35. Be4 b6 36. Rc6 Rb7 37. Rxe6 fxe6 38. Bxb7 a5 39. Ke4 axb4 40. axb4 Kf7 41. d5 exd5+ 42. Bxd5+ Ke7 43. Kf5 h5 44. gxh5 g4 45. h6 Kf8 46. Kf6 1-0

[Event "Scarborough CC-ch Reserves U1700"]
[Site "Toronto CAN"]
[Date "2011.03.24"]
[Round "5"]
[White "Liang, Phillip"]
[Black "Gandhi, Vishwa"]
[Result "1-0"]
[WhiteElo "1271"]
[BlackElo "1058"]
[PlyCount "35"]
[GameId "2160767909804246"]
[EventDate "2011.02.24"]
[EventType "swiss"]
[EventRounds "9"]
[EventCountry "CAN"]
[SourceTitle "EXT 2022"]
[Source "ChessBase"]
[SourceDate "2021.10.06"]
[SourceVersion "1"]
[SourceVersionDate "2021.10.06"]
[SourceQuality "1"]

1. e4 e5 2. Nc3 Nf6 3. f4 exf4 4. e5 Ng8 5. h4 Nc6 6. d4 Nxd4 7. Qxd4 b6 8. Bxf4 Bb7 9. O-O-O Bc6 10. Nf3 h6 11. Bc4 Ne7 12. Nd5 Nf5 13. Qd3 g6 14. Nf6+ Ke7 15. g4 Ng7 16. g5 h5 17. Qd6+ cxd6 18. exd6# 1-0

[Event "Scarborough CC-ch Reserves U1700"]
[Site "Toronto CAN"]
[Date "2011.03.24"]
[Round "5"]
[White "Liu, Peter"]
[Black "Feng, Richard"]
[Result "1-0"]
[WhiteElo "1324"]
[BlackElo "1057"]
[PlyCount "121"]
[GameId "2160767909804247"]
[EventDate "2011.02.24"]
[EventType "swiss"]
[EventRounds "9"]
[EventCountry "CAN"]
[SourceTitle "EXT 2022"]
[Source "ChessBase"]
[SourceDate "2021.10.06"]
[SourceVersion "1"]
[SourceVersionDate "2021.10.06"]
[SourceQuality "1"]

1. e4 e5 2. Nf3 Nc6 3. Bb5 d6 4. O-O Nf6 5. Re1 g6 6. c3 Bg7 7. d4 O-O 8. Bg5 Bd7 9. Bxc6 bxc6 10. dxe5 Be6 11. exf6 Bxf6 12. Bxf6 Qxf6 13. Qd4 Qf4 14. e5 dxe5 15. Qxe5 Qxe5 16. Nxe5 Rab8 17. b4 Bd5 18. Nd7 Rbe8 19. Nd2 Rd8 20. Nxf8 Rxf8 21. Re7 Rd8 22. Rxc7 Re8 23. Kf1 Re5 24. Rxa7 Rg5 25. g3 Rh5 26. h4 Be6 27. a4 Bh3+ 28. Ke2 Bg4+ 29. f3 Re5+ 30. Ne4 Rxe4+ 31. Kf2 Bxf3 32. Kxf3 Re5 33. Kf4 Rf5+ 34. Ke4 Kg7 35. a5 Kf6 36. Rd1 Re5+ 37. Kf3 Rf5+ 38. Kg4 h5+ 39. Kh3 Rf3 40. Rd6+ Ke5 41. Rxc6 f5 42. Re7+ Kd5 43. Rc5+ Kd6 44. Ree5 f4 45. Rg5 Ke7 46. Rxg6 Kf7 47. Rgg5 Kf6 48. Rcf5+ Ke6 49. Rxf4 Rxc3 50. Rxh5 Rc6 51. Rh6+ Kd5 52. Rxc6 Kxc6 53. Rf6+ Kd5 54. a6 Ke5 55. Rf4 Kd5 56. a7 Ke6 57. a8=Q Kd6 58. Rf5 Ke6 59. Qd5+ Ke7 60. Rf7+ Ke8 61. Qd7# 1-0

[Event "Scarborough CC-ch Reserves U1700"]
[Site "Toronto CAN"]
[Date "2011.03.24"]
[Round "5"]
[White "Moffat, Anthony"]
[Black "Kaneshalingam, Mathanhe"]
[Result "1-0"]
[WhiteElo "1240"]
[BlackElo "862"]
[PlyCount "43"]
[GameId "2160767909804249"]
[EventDate "2011.02.24"]
[EventType "swiss"]
[EventRounds "9"]
[EventCountry "CAN"]
[SourceTitle "EXT 2022"]
[Source "ChessBase"]
[SourceDate "2021.10.06"]
[SourceVersion "1"]
[SourceVersionDate "2021.10.06"]
[SourceQuality "1"]

1. e4 e5 2. Nf3 Nc6 3. Nc3 Nf6 4. Bb5 d6 5. d4 Bd7 6. O-O g6 7. Bg5 Bg7 8. Nd5 h6 9. Bxc6 Bxc6 10. dxe5 dxe5 11. Nxf6+ Bxf6 12. Qxd8+ Rxd8 13. Bxf6 Bb5 14. Rfd1 Rxd1+ 15. Rxd1 O-O 16. Nxe5 Re8 17. c4 Bc6 18. b4 Bxe4 19. Rd7 Bc6 20. Rxf7 Rf8 21. Rg7+ Kh8 22. Nxg6# 1-0

[Event "Scarborough CC-ch Reserves U1700"]
[Site "Toronto CAN"]
[Date "2011.03.24"]
[Round "5"]
[White "Roy, Harrison"]
[Black "Palakkal, Anirudh"]
[Result "1-0"]
[WhiteElo "927"]
[BlackElo "882"]
[PlyCount "91"]
[GameId "2160767909804250"]
[EventDate "2011.02.24"]
[EventType "swiss"]
[EventRounds "9"]
[EventCountry "CAN"]
[SourceTitle "EXT 2022"]
[Source "ChessBase"]
[SourceDate "2021.10.06"]
[SourceVersion "1"]
[SourceVersionDate "2021.10.06"]
[SourceQuality "1"]

1. e4 e5 2. Nf3 Nc6 3. Bb5 a6 4. Bxc6 bxc6 5. O-O d6 6. Nc3 Nf6 7. d3 d5 8. Bg5 dxe4 9. dxe4 Be7 10. Nxe5 O-O 11. Bxf6 Bxf6 12. Nxc6 Qd7 13. Qxd7 Bxd7 14. Nb4 a5 15. Nd3 Rab8 16. Rfe1 Bxc3 17. bxc3 Rfe8 18. Nc5 Bc8 19. Rab1 Ra8 20. Nb7 Re6 21. Nc5 Rg6 22. Rbd1 Bh3 23. Re3 Bxg2 24. Rg3 Rxg3 25. fxg3 Bf3 26. Rd2 Re8 27. Kf2 Bh5 28. e5 g6 29. Nd7 Re7 30. Nf6+ Kg7 31. Nxh5+ gxh5 32. Re2 Re6 33. c4 Kg6 34. Kf3 Rf6+ 35. exf6 Kxf6 36. g4 hxg4+ 37. Kxg4 Kg6 38. Re7 c6 39. Rc7 Kg7 40. Rxc6 Kg8 41. Rd6 Kh8 42. c5 Kg8 43. c6 f6 44. Rd7 Kf8 45. c7 Ke8 46. c8=Q# 1-0

[Event "Scarborough CC-ch Reserves U1700"]
[Site "Toronto CAN"]
[Date "2011.03.24"]
[Round "5"]
[White "Smith, Maurice"]
[Black "Veecock, Carl"]
[Result "1-0"]
[WhiteElo "1533"]
[BlackElo "1360"]
[PlyCount "115"]
[GameId "2160767909804251"]
[EventDate "2011.02.24"]
[EventType "swiss"]
[EventRounds "9"]
[EventCountry "CAN"]
[SourceTitle "EXT 2022"]
[Source "ChessBase"]
[SourceDate "2021.10.06"]
[SourceVersion "1"]
[SourceVersionDate "2021.10.06"]
[SourceQuality "1"]

1. d4 Nf6 2. c4 e6 3. Nf3 Bb4+ 4. Bd2 Bxd2+ 5. Nbxd2 O-O 6. e3 b6 7. Bd3 Bb7 8. O-O Nc6 9. Rc1 Rb8 10. a3 Ne7 11. Qc2 d5 12. cxd5 Nexd5 13. Ne5 Rc8 14. Nc6 Bxc6 15. Qxc6 Qd6 16. Nf3 Qxc6 17. Rxc6 Ne7 18. Rc2 c5 19. Ba6 Rb8 20. Rfc1 cxd4 21. Nxd4 h5 22. Rc7 Nf5 23. Nxf5 exf5 24. Rxa7 g5 25. Bd3 f4 26. exf4 gxf4 27. f3 Nd5 28. Rd7 Ne3 29. Rd4 Rbd8 30. Rxd8 Rxd8 31. Rc3 b5 32. g3 Nd1 33. Rb3 Nxb2 34. Bf1 Nc4 35. Rxb5 Nxa3 36. Rxh5 fxg3 37. hxg3 Rd1 38. Kf2 Nc2 39. Re5 Rd8 40. Re2 Nb4 41. Re4 Nd3+ 42. Bxd3 Rxd3 43. g4 Kg7 44. Re3 Rd2+ 45. Kg3 Kg6 46. f4 Rd1 47. Kf2 Rd2+ 48. Kf3 Rd1 49. Ke4 Rg1 50. g5 f6 51. gxf6 Kxf6 52. Rd3 Re1+ 53. Re3 Rf1 54. Rh3 Re1+ 55. Kd5 Kf5 56. Rh4 Re4 57. Rh5+ Kxf4 58. Rh4+ 1-0

[Event "Scarborough CC-ch Reserves U1700"]
[Site "Toronto CAN"]
[Date "2011.03.24"]
[Round "5"]
[White "Song, Eric"]
[Black "Thanabalachandran, Kajan"]
[Result "0-1"]
[WhiteElo "1476"]
[BlackElo "1509"]
[PlyCount "92"]
[GameId "2160767909804252"]
[EventDate "2011.02.24"]
[EventType "swiss"]
[EventRounds "9"]
[EventCountry "CAN"]
[SourceTitle "EXT 2022"]
[Source "ChessBase"]
[SourceDate "2021.10.06"]
[SourceVersion "1"]
[SourceVersionDate "2021.10.06"]
[SourceQuality "1"]

1. e4 c5 2. Nf3 Nc6 3. d4 cxd4 4. Nxd4 Nf6 5. Nc3 d6 6. Be3 e6 7. Qd2 Be7 8. Be2 Bd7 9. O-O a6 10. Rad1 O-O 11. f3 Qc7 12. Bf2 Rfc8 13. Bg3 Qb6 14. Bf2 Qxb2 15. Rb1 Qa3 16. Rb3 Qa5 17. Rxb7 Nxd4 18. Bxd4 e5 19. Bxe5 dxe5 20. Rxd7 Nxd7 21. Qxd7 Bc5+ 22. Kh1 Qxc3 23. Bxa6 Rd8 24. Qb7 Ra7 25. Qb5 Qb4 26. Qxb4 Bxb4 27. Bc4 Kf8 28. Rb1 Rc7 29. Bd3 f6 30. h3 Be7 31. Kg1 Ra8 32. Ra1 Ba3 33. c4 Bb2 34. Rb1 Rxa2 35. Kh2 Ra3 36. Bf1 Ra1 37. Rxb2 Rxf1 38. Rb8+ Ke7 39. Rb2 Rc1 40. Ra2 R1xc4 41. Ra3 h5 42. Ra5 h4 43. Rb5 Rc1 44. f4 exf4 45. Rh5 Rf1 46. Rxh4 g5 0-1

[Event "Scarborough CC-ch Reserves U1700"]
[Site "Toronto CAN"]
[Date "2011.03.24"]
[Round "5"]
[White "Termeer, Ted"]
[Black "Rodriguez, Sergio1"]
[Result "0-1"]
[WhiteElo "1425"]
[BlackElo "1092"]
[PlyCount "88"]
[GameId "2160767909804253"]
[EventDate "2011.02.24"]
[EventType "swiss"]
[EventRounds "9"]
[EventCountry "CAN"]
[SourceTitle "EXT 2022"]
[Source "ChessBase"]
[SourceDate "2021.10.06"]
[SourceVersion "1"]
[SourceVersionDate "2021.10.06"]
[SourceQuality "1"]

1. Nf3 Nc6 2. d4 d6 3. d5 Ne5 4. Nxe5 dxe5 5. e4 e6 6. c4 Bc5 7. Bd2 Qh4 8. Qe2 Nf6 9. Nc3 exd5 10. g3 Qh5 11. Qxh5 Nxh5 12. Nxd5 Bd6 13. Be2 Nf6 14. f3 Nxd5 15. cxd5 O-O 16. g4 Be7 17. h4 a5 18. Bc3 Bb4 19. Kf2 Bc5+ 20. Kg2 f6 21. Bc4 Kh8 22. Bd3 Bd7 23. Rhf1 b5 24. Bd2 Rg8 25. Be2 a4 26. f4 a3 27. b3 g6 28. fxe5 fxe5 29. Rf7 Rgf8 30. Raf1 Rxf7 31. Rxf7 Rf8 32. Rxf8+ Bxf8 33. g5 c6 34. dxc6 Bxc6 35. Bf3 b4 36. Kg3 Bb5 37. h5 Bd3 38. hxg6 hxg6 39. Kf2 Bb1 40. Bc1 Bxa2 41. Bd1 Bb1 42. Kf3 Bc5 43. Be2 Bd4 44. Bd2 a2 0-1

[Event "Scarborough CC-ch Reserves U1700"]
[Site "Toronto CAN"]
[Date "2011.03.24"]
[Round "5"]
[White "Xiao, Jerry"]
[Black "Law, James"]
[Result "0-1"]
[WhiteElo "908"]
[BlackElo "1452"]
[PlyCount "52"]
[GameId "2160767909804256"]
[EventDate "2011.02.24"]
[EventType "swiss"]
[EventRounds "9"]
[EventCountry "CAN"]
[SourceTitle "EXT 2022"]
[Source "ChessBase"]
[SourceDate "2021.10.06"]
[SourceVersion "1"]
[SourceVersionDate "2021.10.06"]
[SourceQuality "1"]

1. e4 e6 2. d4 d5 3. exd5 exd5 4. Nf3 Nf6 5. Nc3 Be7 6. Bb5+ c6 7. Ba4 O-O 8. O-O Bf5 9. Qe1 Re8 10. Qe5 Be4 11. Ng5 Bd6 12. Nxf7 Kxf7 13. Qg5 Nbd7 14. f3 Bg6 15. Bb3 Qc7 16. Ne4 Bxe4 17. fxe4 Rxe4 18. Qh5+ Kg8 19. Qf5 Bxh2+ 20. Kh1 Bd6 21. c4 Rh4+ 22. Kg1 Bh2+ 23. Kf2 Qg3+ 24. Ke2 Qxg2+ 25. Ke1 Re4+ 26. Kd1 Qe2# 0-1

[Event "Scarborough CC-ch Reserves U1700"]
[Site "Toronto CAN"]
[Date "2011.03.24"]
[Round "5"]
[White "Yie, Kevin Yi Xiao"]
[Black "Azizi, Hamid"]
[Result "1-0"]
[WhiteElo "1357"]
[BlackElo "1457"]
[PlyCount "118"]
[GameId "2160767909804257"]
[EventDate "2011.02.24"]
[EventType "swiss"]
[EventRounds "9"]
[EventCountry "CAN"]
[SourceTitle "EXT 2022"]
[Source "ChessBase"]
[SourceDate "2021.10.06"]
[SourceVersion "1"]
[SourceVersionDate "2021.10.06"]
[SourceQuality "1"]

1. d4 Nf6 2. c4 c6 3. Nc3 d6 4. Nf3 Na6 5. h3 Bd7 6. Bf4 Nc7 7. e3 Qc8 8. Bd3 h6 9. Qc2 g5 10. Bh2 Ne6 11. O-O-O a6 12. Nd2 Bg7 13. Bg1 b5 14. h4 g4 15. f3 Nc7 16. e4 h5 17. Be3 e5 18. Rhe1 a5 19. cxb5 cxb5 20. d5 O-O 21. Bg5 Qb7 22. Kb1 Rfc8 23. Qb3 Rab8 24. Be3 a4 25. Qb4 Bf8 26. Bg5 Na6 27. Qa5 Ne8 28. Ne2 f6 29. Be3 Be7 30. Nf1 Bd8 31. Qd2 Nc5 32. Bxc5 Rxc5 33. Qh6 Ng7 34. Nfg3 Be8 35. Rc1 Qe7 36. Rc2 Rxc2 37. Bxc2 Qf7 38. Qd2 Ra8 39. Bd3 Bb6 40. Rc1 Bf2 41. Qb4 Bc5 42. Qc3 a3 43. b3 Qa7 44. Nf1 Bd4 45. Nxd4 Qxd4 46. Qxd4 exd4 47. Rc7 Rb8 48. Ra7 b4 49. Ra6 Bb5 50. Bxb5 Rxb5 51. Rxd6 Kf7 52. Rc6 f5 53. Rc4 fxe4 54. fxe4 Ne8 55. Rxd4 Nd6 56. Ne3 Kf6 57. Nc2 Ke5 58. Rxb4 Rxb4 59. Nxb4 Kxe4 1-0

[Event "Scarborough CC-ch Reserves U1700"]
[Site "Toronto CAN"]
[Date "2011.03.24"]
[Round "5"]
[White "Zhao, Harry"]
[Black "Aghamalian, Leonid"]
[Result "0-1"]
[WhiteElo "1469"]
[BlackElo "1520"]
[PlyCount "58"]
[GameId "2160767909804258"]
[EventDate "2011.02.24"]
[EventType "swiss"]
[EventRounds "9"]
[EventCountry "CAN"]
[SourceTitle "EXT 2022"]
[Source "ChessBase"]
[SourceDate "2021.10.06"]
[SourceVersion "1"]
[SourceVersionDate "2021.10.06"]
[SourceQuality "1"]

1. e4 c5 2. Nf3 Nc6 3. d4 cxd4 4. Nxd4 e6 5. Be3 Nf6 6. Bd3 Bb4+ 7. Nd2 Ne5 8. Qe2 b6 9. c3 Be7 10. N2f3 Nxd3+ 11. Qxd3 Bb7 12. e5 Nd5 13. O-O Nxe3 14. Qxe3 Bc5 15. Rfe1 Qe7 16. b4 Bxd4 17. Nxd4 O-O 18. Rac1 Rfc8 19. Qg3 Bd5 20. a4 Rc4 21. Re3 Rac8 22. h3 Rxd4 23. f4 Rxb4 24. cxb4 Rxc1+ 25. Kh2 Qxb4 26. Qg5 Rc8 27. Rg3 Qf8 28. h4 h6 29. Qxh6 Rc2 0-1

[Event "Scarborough CC-ch Reserves U1700"]
[Site "Toronto CAN"]
[Date "2011.03.31"]
[Round "6"]
[White "Aghamalian, Leonid"]
[Black "Graham, John"]
[Result "1-0"]
[WhiteElo "1520"]
[BlackElo "1429"]
[PlyCount "75"]
[GameId "2160767909804259"]
[EventDate "2011.02.24"]
[EventType "swiss"]
[EventRounds "9"]
[EventCountry "CAN"]
[SourceTitle "EXT 2022"]
[Source "ChessBase"]
[SourceDate "2021.10.06"]
[SourceVersion "1"]
[SourceVersionDate "2021.10.06"]
[SourceQuality "1"]

1. Nf3 Nc6 2. c4 b6 3. Nc3 Bb7 4. d4 e6 5. Bf4 Bd6 6. Qd2 Bxf4 7. Qxf4 d6 8. e4 Qf6 9. Qe3 a6 10. Be2 Nge7 11. c5 O-O 12. cxd6 cxd6 13. O-O e5 14. d5 Nd4 15. Bd1 b5 16. Nb1 Rac8 17. Nxd4 exd4 18. Qd3 Ng6 19. Qf3 Qe5 20. Nd2 Rfe8 21. g3 a5 22. Qd3 Ba6 23. a4 Rc4 24. Nxc4 bxc4 25. Qe2 Qxe4 26. Qxe4 Rxe4 27. Bf3 Re8 28. Rfe1 Re7 29. Rxe7 Nxe7 30. Re1 Kf8 31. Rc1 g6 32. Kf1 Nc8 33. Ke1 Nb6 34. Kd2 Bb7 35. h4 Ba6 36. b3 cxb3 37. Rc6 Nc4+ 38. Kc1 1-0

[Event "Scarborough CC-ch Reserves U1700"]
[Site "Toronto CAN"]
[Date "2011.03.31"]
[Round "6"]
[White "Guo, Tan"]
[Black "Kurkowski, Ken"]
[Result "1/2-1/2"]
[WhiteElo "1463"]
[BlackElo "1506"]
[PlyCount "109"]
[GameId "2160767909804260"]
[EventDate "2011.02.24"]
[EventType "swiss"]
[EventRounds "9"]
[EventCountry "CAN"]
[SourceTitle "EXT 2022"]
[Source "ChessBase"]
[SourceDate "2021.10.06"]
[SourceVersion "1"]
[SourceVersionDate "2021.10.06"]
[SourceQuality "1"]

1. e4 e6 2. Nf3 d5 3. exd5 exd5 4. d4 Nc6 5. Bb5 Bd6 6. O-O Nge7 7. Re1 O-O 8. Nc3 Bg4 9. h3 Bxf3 10. gxf3 a6 11. Bf1 Qd7 12. Bg2 Qf5 13. Ne2 Rfe8 14. Ng3 Qg6 15. f4 Nf5 16. Nxf5 Qxf5 17. c3 Bxf4 18. Bxf4 Qxf4 19. Bxd5 Qg5+ 20. Bg2 Rad8 21. Qg4 Qxg4 22. hxg4 Kf8 23. Kf1 Rd6 24. Rxe8+ Kxe8 25. Re1+ Kd7 26. Re3 Ne7 27. Bxb7 Rb6 28. Be4 Rxb2 29. Re2 Rxe2 30. Kxe2 g6 31. Kd3 f5 32. Bf3 fxg4 33. Bxg4+ Kd6 34. Ke4 Nd5 35. Kd3 c5 36. dxc5+ Kxc5 37. a3 h5 38. Bf3 h4 39. Be4 g5 40. Bh1 g4 41. Ke4 Nxc3+ 42. Kf4 Nd1 43. Bb7 Nxf2 44. Bxa6 g3 45. Bf1 Kb6 46. Kf3 Ka5 47. Bg2 Ka4 48. Bf1 Kxa3 49. Bg2 Kb3 50. Bf1 Kc3 51. Bg2 Kd2 52. Bf1 Ke1 53. Bg2 h3 54. Bxh3 Nxh3 55. Kxg3 1/2-1/2

[Event "Scarborough CC-ch Reserves U1700"]
[Site "Toronto CAN"]
[Date "2011.03.31"]
[Round "6"]
[White "Krishnakumar, Agahash"]
[Black "Moffat, Anthony"]
[Result "0-1"]
[WhiteElo "718"]
[BlackElo "1240"]
[PlyCount "54"]
[GameId "2160767909804261"]
[EventDate "2011.02.24"]
[EventType "swiss"]
[EventRounds "9"]
[EventCountry "CAN"]
[SourceTitle "EXT 2022"]
[Source "ChessBase"]
[SourceDate "2021.10.06"]
[SourceVersion "1"]
[SourceVersionDate "2021.10.06"]
[SourceQuality "1"]

1. e4 c5 2. Qf3 Nf6 3. e5 Ng8 4. Nh3 e6 5. d3 Nc6 6. Ng5 Nxe5 7. Qf4 f6 8. Nh3 Bd6 9. Na3 Nxd3+ 10. cxd3 Bxf4 11. Nxf4 Ne7 12. Nb5 Qa5+ 13. Nc3 O-O 14. Bd2 Qa6 15. d4 Qd6 16. Be3 cxd4 17. Ne4 Qe5 18. Bd2 Qxe4+ 19. Be2 e5 20. f3 Qc2 21. Bd1 Qxb2 22. Rc1 exf4 23. Bxf4 d3 24. Bd6 d2+ 25. Kf1 dxc1=Q 26. Ke1 Qbd2+ 27. Kf1 Qcxd1# 0-1

[Event "Scarborough CC-ch Reserves U1700"]
[Site "Toronto CAN"]
[Date "2011.03.31"]
[Round "6"]
[White "Lin, Benjamin1"]
[Black "Liang, Phillip"]
[Result "0-1"]
[WhiteElo "1129"]
[BlackElo "1271"]
[PlyCount "120"]
[GameId "2160767909804262"]
[EventDate "2011.02.24"]
[EventType "swiss"]
[EventRounds "9"]
[EventCountry "CAN"]
[SourceTitle "EXT 2022"]
[Source "ChessBase"]
[SourceDate "2021.10.06"]
[SourceVersion "1"]
[SourceVersionDate "2021.10.06"]
[SourceQuality "1"]

1. c4 Nf6 2. d4 c6 3. Nc3 d5 4. c5 Bf5 5. Nf3 e6 6. Bf4 Nbd7 7. e3 b6 8. b4 Nh5 9. Be5 f6 10. Bg3 Nxg3 11. fxg3 bxc5 12. bxc5 e5 13. Be2 Be7 14. O-O Be6 15. Qa4 Qc7 16. Rab1 O-O 17. Rb2 Rfb8 18. Rxb8+ Rxb8 19. Qc2 Qa5 20. Rb1 Rxb1+ 21. Nxb1 g6 22. Qb3 Kf7 23. Nc3 Bg4 24. h3 Bf5 25. Nh4 Ke6 26. Nxf5 gxf5 27. g4 Qc7 28. gxf5+ Kxf5 29. Bg4+ Kg5 30. Qc2 e4 31. Nxe4+ dxe4 32. Qxe4 Nf8 33. h4+ Kh6 34. Qf5 Kg7 35. Bh5 Qd7 36. Qxd7 Nxd7 37. Bf3 Nb8 38. g4 f5 39. h5 Kf6 40. Kg2 fxg4 41. Bxg4 Kg5 42. Kf3 Bf6 43. Kg3 Na6 44. Bf3 Nb4 45. a3 Nd5 46. Bxd5 cxd5 47. c6 Bd8 48. e4 dxe4 49. d5 Kf6 50. Kf4 e3 51. Kxe3 Ke5 52. d6 Kxd6 53. Kd4 Kxc6 54. Kc4 a5 55. a4 h6 56. Kd4 Kd6 57. Ke4 Kc5 58. Kf5 Kb4 59. Kg6 Bg5 60. Kf5 Kxa4 0-1

[Event "Scarborough CC-ch Reserves U1700"]
[Site "Toronto CAN"]
[Date "2011.03.31"]
[Round "6"]
[White "Liu, Peter"]
[Black "Karpik, Steve"]
[Result "1-0"]
[WhiteElo "1324"]
[BlackElo "1535"]
[PlyCount "131"]
[GameId "2160767909804263"]
[EventDate "2011.02.24"]
[EventType "swiss"]
[EventRounds "9"]
[EventCountry "CAN"]
[SourceTitle "EXT 2022"]
[Source "ChessBase"]
[SourceDate "2021.10.06"]
[SourceVersion "1"]
[SourceVersionDate "2021.10.06"]
[SourceQuality "1"]

1. e4 d6 2. d4 Nf6 3. Nc3 g6 4. Nf3 Bg7 5. Be3 O-O 6. Qd2 Nc6 7. Bc4 e6 8. Bg5 Qe8 9. Bb5 Bd7 10. O-O-O a6 11. Ba4 b5 12. Bb3 b4 13. Bxf6 bxc3 14. Qg5 cxb2+ 15. Kxb2 h6 16. Qh4 Bxf6 17. Qxf6 Qe7 18. Qxe7 Nxe7 19. e5 d5 20. g4 Rfb8 21. Rc1 a5 22. a4 Bxa4 23. Nd2 Bxb3 24. cxb3 c6 25. Rc5 a4 26. Ra1 Ra6 27. Kc2 a3 28. Ra2 Kg7 29. Kc3 f5 30. gxf5 Nxf5 31. b4 Rb5 32. Nb1 Rxc5+ 33. dxc5 g5 34. Rxa3 Rxa3+ 35. Nxa3 g4 36. b5 cxb5 37. c6 Ne7 38. c7 Kf8 39. Nxb5 Ke8 40. Kd4 Kd7 41. Kc5 h5 42. Kb6 h4 43. Kb7 h3 44. Nd6 d4 45. c8=Q+ Nxc8 46. Nxc8 d3 47. Nb6+ Ke7 48. Nc4 Kf7 49. Ne3 d2 50. Kc6 Kg6 51. Kc5 Kg5 52. Kd4 Kf4 53. Kd3 Kxe5 54. Kxd2 Ke4 55. Ke2 Kf4 56. Nc2 e5 57. Ne3 e4 58. Nf1 Ke5 59. Ke3 Kf5 60. Ng3+ Ke5 61. Nxe4 Kf5 62. Ng3+ Kg5 63. f4+ gxf3 64. Kxf3 Kh4 65. Ne4 Kh5 66. Kg3 1-0

[Event "Scarborough CC-ch Reserves U1700"]
[Site "Toronto CAN"]
[Date "2011.03.31"]
[Round "6"]
[White "Ming, Wenyang"]
[Black "Zhao, Harry"]
[Result "0-1"]
[WhiteElo "1242"]
[BlackElo "1469"]
[PlyCount "120"]
[GameId "2160767909804265"]
[EventDate "2011.02.24"]
[EventType "swiss"]
[EventRounds "9"]
[EventCountry "CAN"]
[SourceTitle "EXT 2022"]
[Source "ChessBase"]
[SourceDate "2021.10.06"]
[SourceVersion "1"]
[SourceVersionDate "2021.10.06"]
[SourceQuality "1"]

1. e4 c5 2. Nf3 Nc6 3. d4 cxd4 4. Nxd4 Nf6 5. Nc3 d6 6. Be2 e6 7. h3 Be7 8. O-O O-O 9. Bb5 Bd7 10. Bc4 Qc7 11. Re1 h6 12. Be3 a6 13. a4 e5 14. Nf3 Rfe8 15. Qd2 Rab8 16. Rad1 Be6 17. Nd5 Bxd5 18. Bxd5 Nxd5 19. exd5 Na5 20. b4 Nc4 21. Qc3 Rbc8 22. b5 axb5 23. axb5 Nxe3 24. Qxc7 Rxc7 25. fxe3 Rxc2 26. Rc1 Rec8 27. Rb1 b6 28. Ra1 Rb2 29. Reb1 Rcc2 30. Ne1 Re2 31. Kf1 Rxb1 32. Rxb1 Rxe3 33. Rc1 Bh4 34. Nf3 Bg3 35. Rc8+ Kh7 36. Rc6 e4 37. Rc1 exf3 38. gxf3 Rxf3+ 39. Ke2 Rf2+ 40. Ke3 Rb2 41. Kd3 Rxb5 42. Kd4 Rb4+ 43. Kc3 Rh4 44. Rh1 g5 45. Kd3 g4 46. Ke4 Rxh3 47. Rxh3 gxh3 48. Kf3 b5 49. Kxg3 b4 50. Kxh3 b3 51. Kg4 b2 52. Kf5 b1=Q+ 53. Kf6 Qg6+ 54. Ke7 Kg8 55. Ke8 Qe4+ 56. Kd7 Qxd5 57. Kd8 Qb7 58. Ke8 Kg7 59. Kd8 Kf6 60. Ke8 Qe7# 0-1